American Idol 3rd Place Finishers Quiz Stats

 Plays Quiz not verified by Sporcle

Score 0/8 Timer 08:00
0 Plays Today
Season Contestant Name % Correct
Season 8Danny Gokey
80.3%
Season 2Kimberley Locke
75.6%
Season 7Syesha Mercado
68.5%
Season 5Elliott Yamin
67.7%
Season 6Melinda Doolittle
66.9%
Season 3Jasmine Trias
66.1%
Season 1Nikki McKibbin
58.3%
Season 4Vonzell Solomon
58.3%

You're not logged in!

Compare scores with friends on all Sporcle quizzes.
OR
Log In

Show Comments

Extras

Top Quizzes Today


Score Distribution

Your Account Isn't Verified!

In order to create a playlist on Sporcle, you need to verify the email address you used during registration. Go to your Sporcle Settings to finish the process.

Report this User

Report this user for behavior that violates our Community Guidelines.

Details: